Hiện thực chiến tranh và sáng tạo trong văn học: Tiểu luận và phê bình

Zapisane w:
Opis bibliograficzny
1. autor: Đinh Xuân Dũng
Format: Książka
Język:Undetermined
Wydane: H. QĐND 2003
Hasła przedmiotowe:
Etykiety: Dodaj etykietę
Nie ma etykietki, Dołącz pierwszą etykiete!
Thư viện lưu trữ: Trung tâm Học liệu Trường Đại học Cần Thơ
LEADER 00608nam a2200205Ia 4500
001 CTU_58874
008 210402s9999 xx 000 0 und d
020 |b 32000 
082 |a 895.922434 
082 |b D513 
100 |a Đinh Xuân Dũng 
245 0 |a Hiện thực chiến tranh và sáng tạo trong văn học: Tiểu luận và phê bình 
245 0 |c Đinh Xuân Dũng 
260 |a H. 
260 |b QĐND 
260 |c 2003 
650 |a vietnamese literature 
650 |x history and criticism 
904 |i Minh 
980 |a Trung tâm Học liệu Trường Đại học Cần Thơ